000 07798nam a22005297a 4500
005 20100220110843.0
010 _aB-403138-165
020 _a9788173157455
_c300.00
035 _aB-403138-165
037 _bप्रभात प्रकाशन
082 _a301.153
100 _aप्रसाद, राजेंद्र
_922963
245 _aबापू के कदमों में /
_cराजेंद्र प्रसाद
260 _aदिल्ली
_bप्रभात प्रकाशन
_c2010
270 _a4/19 आसफ अली रोड
_bदिल्ली
_e110002
300 _a280पृ
_c22सेमी (सजिल्द)
942 _2ddc
_cHN
_mप्रसाद
_h301.153
999 _c34187
_d34187